You Can Break From a Self-Limiting Way of Life (Record no. 829736)

MARC details
000 -LEADER
fixed length control field 00590nam a2200205Ia 4500
008 - FIXED-LENGTH DATA ELEMENTS--GENERAL INFORMATION
fixed length control field 110201s9999 xx 000 0 und d
082 ## - DEWEY DECIMAL CLASSIFICATION NUMBER
Item number B2960
Classification number E 2
100 ## - MAIN ENTRY--PERSONAL NAME
Personal name Herbert Fensterheim
100 ## - MAIN ENTRY--PERSONAL NAME
Personal name Jean Baer
245 ## - TITLE STATEMENT
Title You Can Break From a Self-Limiting Way of Life
260 ## - PUBLICATION, DISTRIBUTION, ETC. (IMPRINT)
Name of publisher, distributor, etc A Dell Publishing Co.
365 ## - TRADE PRICE
Price amount 40
600 ## - SUBJECT ADDED ENTRY--PERSONAL NAME
Personal name Herbert Fensterheim
600 ## - SUBJECT ADDED ENTRY--PERSONAL NAME
Personal name Jean Baer
630 ## - SUBJECT ADDED ENTRY--UNIFORM TITLE
Uniform title You Can Break From a Self-Limiting Way of Life
700 ## - ADDED ENTRY--PERSONAL NAME
Personal name Herbert Fensterheim
700 ## - ADDED ENTRY--PERSONAL NAME
Personal name Jean Baer
730 ## - ADDED ENTRY--UNIFORM TITLE
Uniform title You Can Break From a Self-Limiting Way of Life
942 ## - ADDED ENTRY ELEMENTS (KOHA)
Koha item type Book
Holdings
Withdrawn status Lost status Damaged status Not for loan Home library Current library Date acquired Cost, normal purchase price Total Checkouts Barcode Date last seen Cost, replacement price Price effective from Koha item type
        Prof.Manikrao Kirtane Vachanalaya, Vashi, Navi Mumbai Prof.Manikrao Kirtane Vachanalaya, Vashi, Navi Mumbai 02/01/2011 40.00   PMKV-B2960 02/01/2011 40.00 02/01/2011 Book